Retírate jóven y rico : (Registro nro. 11290)

Detalles MARC
000 -LIDER
fixed length control field 01066nam a22003137a 4500
001 - NÚMERO DE CONTROL
Identificador de número de control 01478
003 - IDENTIFICACDOR DE NÚMERO DE CONTROL
control field DO-SdBNP
005 - DATE AND TIME OF LATEST TRANSACTION
control field 20230512081730.0
007 - CAMPOS FIJOS DE DESCRIPCIÓN FÍSICA
fixed length control field 01478
008 - ELEMENTOS DE LONGITUD FIJA
fixed length control field 160902b 2007 mx | 00| 0 spa d
020 ## - ISBN
International Standard Book Number 9789708120210
040 ## - FUENTE DE CATALOGACIÓN
Agencia que crea de manera original el registro BPMSU
Idioma de catalogación spa
Agencia que realiza la transcripción BPMSU
082 #4 - NÚMERO DE CLASIFICACIÓN DECIMAL DE DEWEY
Classification number 332.02401
Item number K628r 2007
Edition number 22
100 1# - ASIENTO PRINCIPAL -- NOMBRE PERSONAL
Nombre personal Kiyosaki, Robert T.
245 10 - MENCIÓN DE TITULO
Título Retírate jóven y rico :
Subtítulo ¡Cómo volverse rico pronto y para siempre! /
Mención de responsabilidad Robert T. Kiyosaki, Sharon L. Lechter ; traducción María Andrea Giovine.
246 13 - VARIACION DEL TÍTULO
Título propiamente dicho o título corto Retírate jóven y rico
260 ## - PUBLICACIÓN, DISTRIBUCIÓN, ETC. (PIE DE IMPRENTA)
Lugar de publicación, distribución, etc México :
Nombre del editor, distribuidor, etc. Santillana Ediciones Gerales,
Fecha de publicación, distribución, etc 2010
300 ## - DESCRIPCIÓN FÍSICA
Extensión 576 p. :
Otros detalles físicos il. ;
Dimensiones 23 cm.
490 0# - MENCIÓN DE SERIES
Mención de serie Padre rico ;
-- Punto de lectura ;
-- negocios,
Volume/sequential designation 198
534 ## - NOTA SOBRE LA VERSIÓN ORIGINAL
Asiento principal del original Título original :
Mención del título original Retire young retire rich.
590 ## - NOTA LOCAL
Texto de la nota local Inventariado, 2023/VM
650 #4 - ENCABEZAMIENTO DE MATERIA--TEMÁTICO
Término temático o nombre geográfico como elemento de entrada Finanzas personales
650 #4 - ENCABEZAMIENTO DE MATERIA--TEMÁTICO
Término temático o nombre geográfico como elemento de entrada Seguridad Financiera
650 #4 - ENCABEZAMIENTO DE MATERIA--TEMÁTICO
Término temático o nombre geográfico como elemento de entrada
700 1# - ASIENTO SECUNDARIO -- NOMBRE PERSONAL
Nombre personal Lechter, Sharon L.
700 1# - ASIENTO SECUNDARIO -- NOMBRE PERSONAL
Nombre personal Giovine, María Andrea,
Mención de responsabilidad traductor
910 ## - VALIDACIÓN
Validación VMateo V. Control de calidad (BPMSU)
942 ## - ADDED ENTRY ELEMENTS (KOHA)
Source of classification or shelving scheme Dewey Decimal Classification
Koha item type Libros
Existencias
Withdrawn status Lost status Source of classification or shelving scheme Damaged status Not for loan Collection code Home library Current library Date acquired Source of acquisition Full call number Barcode Date last seen Price effective from Koha item type Copy number
    Dewey Decimal Classification     Colección General Biblioteca Pública Metropolitana Salomé Ureña Biblioteca Pública Metropolitana Salomé Ureña 09/02/2016 ALFAGUARA BPMSU CG 332.02401 K628r 2007 BPMSU16090076 09/02/2016 09/02/2016 Libros  
    Dewey Decimal Classification     Colección Juvenil General Biblioteca Pública Metropolitana Salomé Ureña Biblioteca Pública Metropolitana Salomé Ureña 09/02/2016 ALFAGUARA BPMSU CG 332.02401 K628r 2007 BPMSU16090077 09/02/2016 09/02/2016 Libros e.2